000 00798cam a22002653a 4500
001 12441
003 PGUSA
005 20140828083251.0
008 040501s2004||||xxu|||||s|||||000 1 eng d
040 _aPGUSA
_beng
042 _adc
050 4 _aPS
100 1 _aNicholson, Meredith,
_d1866-1947
245 1 4 _aThe House of a Thousand Candles
_h[electronic resource] /
_cMeredith Nicholson
260 _bProject Gutenberg,
_c2004
506 _aPublic domain in the USA.
516 _aElectronic text
653 _aInheritance and succession -- Fiction
653 _aIndiana -- Fiction
653 _aMystery and detective stories
700 1 _aChristy, Howard Chandler,
_d1873-1952
830 0 _aProject Gutenberg
_v12441
856 4 0 _uhttp://www.gutenberg.org/ebooks/12441
942 _cEB
999 _c241696
_d241696